| 000 | 00552nam a22001937a 4500 | ||
|---|---|---|---|
| 003 | OSt | ||
| 008 | 260220b2012 |||||||| |||| 00| 0 eng d | ||
| 020 | _a9781259005039 | ||
| 082 |
_a658.4031 _bGUP-B |
||
| 100 | _aGupta, S. L. | ||
| 245 |
_aBusiness research methods / _cS.L. Gupta, Hitesh Gupta |
||
| 260 |
_aChennai : _bMcGraw Hill Education, _c2012. |
||
| 300 | _axix, 440 p. ; | ||
| 650 | _aManagement - Research | ||
| 650 | _aBusiness - Research - Methodology | ||
| 650 | _aBusiness - Research | ||
| 700 | _aGupta, Hitesh | ||
| 942 |
_2ddc _cREF |
||
| 999 |
_c21351 _d21351 |
||